Exploring the national museum of Cambodia (Record no. 1514)

MARC details
000 -LEADER
fixed length control field 00970nam a22002897a 4500
001 - CONTROL NUMBER
control field 1514
003 - CONTROL NUMBER IDENTIFIER
control field FISKH
005 - DATE AND TIME OF LATEST TRANSACTION
control field 20231002084602.0
008 - FIXED-LENGTH DATA ELEMENTS--GENERAL INFORMATION
fixed length control field 230901b cb ||||| |||| 00| 0 eng d
020 ## - INTERNATIONAL STANDARD BOOK NUMBER
International Standard Book Number 9789924341024
040 ## - CATALOGING SOURCE
Original cataloging agency FISKH
Language of cataloging eng
Transcribing agency FISKH
Modifying agency FISKH
082 ## - DEWEY DECIMAL CLASSIFICATION NUMBER
Classification number 708
100 ## - MAIN ENTRY--PERSONAL NAME
Personal name Chheang, Sun Heng Meng
245 ## - TITLE STATEMENT
Title Exploring the national museum of Cambodia
Statement of responsibility, etc. This collective work as been written under the direction of Sun Heng Meng Chheang and Marie Caillet
260 ## - PUBLICATION, DISTRIBUTION, ETC.
Place of publication, distribution, etc. Phnom Penh :
Name of publisher, distributor, etc. Sipar,
Date of publication, distribution, etc. 2020
300 ## - PHYSICAL DESCRIPTION
Extent 48 pages :
Dimensions 21 cm
490 ## - SERIES STATEMENT
Materials specified i would like to know
505 ## - FORMATTED CONTENTS NOTE
Formatted contents note U
520 ## - SUMMARY, ETC.
Summary, etc. This book provides a broad overview of Cambodian history and the main features and attractions at the National Museum of Cambodia.
521 8# - TARGET AUDIENCE NOTE
Target audience note 1000<br/>
Source Lexile
521 8# - TARGET AUDIENCE NOTE
Target audience note U <br/>
Source Raz-Plus
650 ## - SUBJECT ADDED ENTRY--TOPICAL TERM
Source of heading or term Museums
700 ## - ADDED ENTRY--PERSONAL NAME
Personal name Caillat, Marie
Relator term author
700 ## - ADDED ENTRY--PERSONAL NAME
Personal name Velychko, Katerina
700 ## - ADDED ENTRY--PERSONAL NAME
Personal name Collins, Daryl
Relator term proofreader
942 ## - ADDED ENTRY ELEMENTS (KOHA)
Source of classification or shelving scheme Dewey Decimal Classification
Koha item type Books
Suppress in OPAC No
Holdings
Withdrawn status Lost status Source of classification or shelving scheme Damaged status Not for loan Collection Home library Current library Shelving location Date acquired Total Checkouts Full call number Barcode Date last seen Copy number Price effective from Koha item type
    Dewey Decimal Classification     Non-Fiction Footprints International School Library Network Toul Kork Campus Footprints International School Library Network Toul Kork Campus TK Floor 4 Rear Hallway Shelf 1 (Adult/Secondary Foriegn Language/Khmer) 09/01/2023   CHH 708 2023-0434 09/01/2023 1 09/01/2023 Books
    Dewey Decimal Classification     Non-Fiction Footprints International School Library Network Toul Kork Campus Footprints International School Library Network Toul Kork Campus TK Floor 4 Rear Hallway Shelf 1 (Adult/Secondary Foriegn Language/Khmer) 09/01/2023   CHH 708 2023-0435 09/01/2023 2 09/01/2023 Books